000 00909nam a2200277Ia 4500
003 OSt
005 20221005040805.0
006 a|||||r|||| 00| 0
007 ta
008 221004b |||||||| |||| 00| 0 urd d
020 _a9789384271053 (pbk)
_cINR 395.00
024 _a37288
037 _b5172, 07/03/2018, Kitabi Duniya
_cTextual
040 _aCRL
_cCRL
_burd
041 _2urd
_aurd
082 _aO168,3(Y11)x, Q7.1-.2
100 _aAhmad Nadim Au.
_9589346
245 0 _aSuno kahani, suno kahani
_b bacchon ki dilchasp kahaniyan
260 _aDelhi
_bNew bismah kitab ghar India
_c2017
300 _a356p.
_ccm.
650 _a URDU FICTION
_93298
650 _aCHILDREN
_917580
700 _a Fatma Ghazala Au.
_9589347
942 _hO168,3(Y11)x, Q7.1-.2
_cTEXL
_2cc
999 _c947474
_d947474